Systém environmentálneho manažérstva vytvára predpoklady na úspešné uplatnenie sa firmy najmä na zahraničnom trhu

Certifikát ISO 14 001 - systém environmentálneho manažérstva (EMS - Environmental Management System). AssiDomän Packaging Štúrovo, a.s. ako jedenásty podnik na Slovensku získal certifikát ISO 14 001. Predpoklady na EMS. Podnik sa snaží o prevenciu v znečisťovaní životného prostredia. Riadenie EMS, v...

Ausführliche Beschreibung

Gespeichert in:
Bibliographische Detailangaben
1. Verfasser: Začková, Katarína
Format: Buchkapitel
Sprache:Slowakisch
Schlagworte:
Tags: Tag hinzufügen
Keine Tags, Fügen Sie das erste Tag hinzu!

MARC

LEADER 00000naa a2200000 4500
001 r033993
005 20230921103343.8
041 0 |a slo 
044 |a SK 
245 1 0 |a Systém environmentálneho manažérstva vytvára predpoklady na úspešné uplatnenie sa firmy najmä na zahraničnom trhu  |c Katarína Začková 
520 |a Certifikát ISO 14 001 - systém environmentálneho manažérstva (EMS - Environmental Management System). AssiDomän Packaging Štúrovo, a.s. ako jedenásty podnik na Slovensku získal certifikát ISO 14 001. Predpoklady na EMS. Podnik sa snaží o prevenciu v znečisťovaní životného prostredia. Riadenie EMS, vplyv na hospodárske výsledky. Ministerstvo životného prostredia oceňuje podniky, ktoré zavedú EMS. 
610 2 0 |a manažment 
610 2 0 |a environmentalistika 
610 2 0 |a ochrana prostredia životného 
610 2 0 |a certifikáty 
610 2 0 |a výsledok hospodársky 
610 2 0 |a Slovensko 
610 2 0 |a AssiDomän Packaging, a.s. Štúrovo 
610 2 0 |a ISO 14001 
610 2 0 |a Environmental Management System 
610 2 0 |a EMS 
100 1 |a Začková, Katarína